000 00336nam a22001217a 4500
008 180427b xxu||||| |||| 00| 0 eng d
041 _aeng
080 _a043.3
100 _a0
101 _aSHKI-BTH
245 _aPërdorimi i hijeve dhe ndikimi në performancë në zhvillimin e aplikacioneve mobile hibride
_cAliu,K
942 _2udc
_cBK
999 _c45620
_d45620